Convex Optimization /
Uložené v:
| Hlavní autori: | , |
|---|---|
| Médium: | Kniha |
| Jazyk: | English |
| Vydavateľské údaje: |
Cambridge
Cambridge Press
2004
|
| Predmet: | |
| Tagy: |
Žiadne tagy, Buďte prvý, kto otaguje tento záznam!
|
MARC
| LEADER | 00000nam a22000003a 4500 | ||
|---|---|---|---|
| 001 | 0067003 | ||
| 003 | SK-STU | ||
| 005 | 20190129124042.6 | ||
| 007 | ta | ||
| 008 | 180911s ----xo-----e------000-0-----d | ||
| 020 | |a 978-0521-83378-3 | ||
| 040 | |a STU |b slo | ||
| 041 | 0 | |a eng | |
| 100 | 1 | |a Boyd , Stephen |4 aut | |
| 245 | 1 | 0 | |a Convex Optimization / |c aut. Stephen Boyd, Lieven Vandenberghe |
| 260 | |a Cambridge |b Cambridge Press |c 2004 | ||
| 300 | |a 716 s. | ||
| 650 | 0 | 7 | |a optimization |
| 700 | 1 | |a Vandenberghe, Lieven |4 aut | |
| 996 | |b 284J045115 |c J* 118424 |l JJSK |s A |a 24 |w 0067003_0001 | ||
| 996 | |b 284J045728 |c J* 118413 |l JJSK |s A |a 24 |w 0067003_0002 | ||